| 000 | 01658nac a2200385 i 4500 | ||
|---|---|---|---|
| 003 | CO-PeBPM | ||
| 005 | 20251108115340.0 | ||
| 007 | ta | ||
| 008 | 231210s2023 ck a|||ar|||| 00||p spa d | ||
| 020 | _a9786289602203 | ||
| 040 |
_aCO-PeBPM _bspa _erda _cCO-PeBPM |
||
| 041 | 0 | _aspa | |
| 082 | 0 | 4 |
_a(i) 808 T564t _222 |
| 245 | 0 | 0 |
_aTierra en-tonada _b: Cantos y cuentos en comunidad celebrando la tierra y las raíces _c/ Diana Patricia Caicedo Valois ... [y otros cinco] ; ilustraciones de Natalia Rojas Castro ... [y otros once |
| 250 | _aEdición especial | ||
| 264 | 1 |
_aBogotá, Colombia _b: Editorial Tagigo _c, 2023 |
|
| 300 |
_a54 páginas _bilustraciones a color _c24 cm |
||
| 336 |
_atexto _btxt _2rdacontent |
||
| 337 |
_asin mediación _bn _2rdamedia |
||
| 338 |
_avolumen _bnc _2rdacarrier |
||
| 521 | _aRecomendado para un público infantil a partir de los 6 años | ||
| 650 | 1 | 7 |
_aPoesía infantil colombiana _ySiglo XXI _2ARMARC _9157867 |
| 650 | 1 | 4 |
_aLiteratura infantil colombiana _ySiglo XXI _2LEMB _9279476 |
| 650 | 1 | 4 |
_aIndígenas de Colombia _xVida social y costumbres _2LEMB _9279477 |
| 650 | 1 | 4 |
_aFolclor indígena _2LEMB _953002 |
| 650 | 1 | 4 |
_aLibros ilustrados para niños _2LEMB _916 |
| 700 | 1 |
_aDíaz Pérez, Mirian _eautora _9279478 |
|
| 700 | 1 |
_aMarquínez Angulo, Reina Dayana _eautora _9279479 |
|
| 700 | 1 |
_aLuna Beltrán, Luisa Fernanda _eautora _9279480 |
|
| 700 | 1 |
_aGaitán, Aura _eilustradora _9279481 |
|
| 700 | 1 |
_aJiménez, Edi _eilustradora _9279482 |
|
| 700 | 1 |
_aMúñoz Cárdenas, Paloa _eilustradora _9279483 |
|
| 942 |
_2ddc _cLIT |
||
| 999 |
_c60327 _d60327 |
||